000 00668nam a2200217Ia 4500
003 IN-BaIIA
008 211028s9999 xx 000 0 eng d
020 _a0-7923-6210-1
040 _cIIA Library
080 _a52(082.1)
_bASS-244
245 4 _aThe Universe
_bvisions and perspectives
_cedited by Naresh Dadhich and Ajit Kembhavi
260 _aDordrecht
_bKluwer Academic
_c2000
300 _axi, 343p.
490 _aAstrophysics and space science library; v. 244
650 _aCosmology
650 _aInfrared galaxies
_926043
650 _aQuantum mechanics
700 _aDadhich, Naresh, ed.
_926044
700 _aKembhavi, Ajit., ed.
_926045
942 _cBK
999 _c14622
_d14622